LIBRARY & INFORMATION CENTRE, KCAET, TAVANUR

ONLINE PUBLIC ACCESS CATALOGUE (OPAC)

Soil structure problems and management / (Record no. 12212)

MARC details
000 -LEADER
fixed length control field 00480cam a2200181ua 4500
041 ## - LANGUAGE CODE
Language code of text/sound track or separate title eng
082 ## - DEWEY DECIMAL CLASSIFICATION NUMBER
Classification number 631.44
Item number GHI/SO
100 ## - MAIN ENTRY--AUTHOR NAME
Personal name Ghildyal, B.P .
245 ## - TITLE STATEMENT
Title Soil structure problems and management /
260 ## - PUBLICATION, DISTRIBUTION, ETC. (IMPRINT)
Place of publication New Delhi :
Name of publisher Indian Council for Agricultural Research ,
Year of publication 2002.
300 ## - PHYSICAL DESCRIPTION
Number of Pages 58 ; .
700 1# - ADDED ENTRY--PERSONAL NAME
Personal name Gupta, R.P .
942 ## - ADDED ENTRY ELEMENTS (KOHA)
Koha item type Books
Holdings
Withdrawn status Lost status Damaged status Home library Current library Date acquired Full call number Accession Number Koha item type
      KAUAET KAUAET 07/04/2012 631.44 20842 Books
free website counter